| 000 | 00758nam a2200217Ia 4500 | ||
|---|---|---|---|
| 001 | 11233 | ||
| 003 | GE_BSU | ||
| 008 | 181216s||||||||xx |||||||||||||| ||und|| | ||
| 040 | _cGE_BSU | ||
| 080 | _a631.4(075.8) | ||
| 100 | _aტალახაძე გ.რ. | ||
| 245 | _aნიადაგთმცოდნეობის პრაქტიკუმი | ||
| 245 | _cრედ: დ. გედევანიშვილი | ||
| 260 | _aთბილისი. | ||
| 260 | _bსას-სამ. ინ-ტის გამ-ბა | ||
| 260 | _c1958 | ||
| 300 | _a314გვ.22სმ. | ||
| 300 | _eდანართები გვ.289 | ||
| 653 | _aნიადაგთმცოდნეობის პრაქტიკუმი | ||
| 942 | _cBK | ||
| 999 |
_c44464 _d44464 |
||